Cómputo de votos y declaratorias de elección. Provincia de Puntarenas. Alcaldías, síndicos(as) y concejales distrito, intendentes y concejales municipales de distrito /
Gespeichert in:
| Körperschaften: | , |
|---|---|
| Format: | Text |
| Sprache: | Spanish |
| Veröffentlicht: |
San José :
Costa Rica.Tribunal Supremo de Elecciones
|
| Schlagworte: | |
| Tags: |
Tag hinzufügen
Keine Tags, Fügen Sie den ersten Tag hinzu!
|
MARC
| LEADER | 00000 a a2200000 04500 | ||
|---|---|---|---|
| 001 | 18002 | ||
| 003 | cru CIDCACS/IIS | ||
| 005 | 20231025150654.0 | ||
| 008 | 170324b2005 CR ||||| |||| 00| 0 spa d | ||
| 020 | |a 9968907111 | ||
| 040 | |c cru CIDCACS/IIS |a cru CIDCACS/IIS | ||
| 090 | |a 04.04.02 C837c Vol.6 2002 | ||
| 110 | |a Costa Rica. Tribunal Supremo de Elecciones | ||
| 245 | 1 | 0 | |a Cómputo de votos y declaratorias de elección. Provincia de Puntarenas. |c Tribunal Supremo de Elecciones de Costa Rica |b Alcaldías, síndicos(as) y concejales distrito, intendentes y concejales municipales de distrito / |
| 260 | |a San José : |b Costa Rica.Tribunal Supremo de Elecciones | ||
| 650 | 1 | 0 | |9 306 |a ELECCIONES |
| 650 | 1 | 0 | |9 3795 |a VOTACION |
| 651 | 1 | 0 | |9 32 |a COSTA RICA |
| 651 | 1 | 0 | |9 3813 |a PUNTARENAS |
| 710 | |a TSE | ||
| 942 | |2 z |c LI |h 04.04.02 C837c Vol.6 2002 |i 02205 |6 040402_C837C_VOL6_2002_02205 | ||
| 999 | |c 19095 |d 19095 | ||



